000 00207 a2200073 4500
245 0 _aParametric amplifiers /
_cDecroly J.C..
710 2 _aMacmillan.
_eWydawca
_4pbl
260 _aLondon :
_bMacmillan,
_c1973.
300 _aXX,442 s.;
_c24 cm.
999 _c10128
_d10128